| 000 | 00695nam a2200229Ia 4500 | ||
|---|---|---|---|
| 003 | GCL | ||
| 008 | 140319s9999 xx 000 0 ara d | ||
| 040 |
_aGCL / _cGCL |
||
| 082 | 0 | 4 |
_a709.2 _bس ح |
| 100 | 1 | _aستون، ارفنج | |
| 245 | 1 | 0 |
_aحياة فان جوخ / _cستون، ارفنج |
| 700 | 1 | _aمحمد محمد صفوت | |
| 700 | 1 | _aعزالدين فريد (مراجع) | |
| 260 |
_a[S.N] : _bدار نهضة مصر للطبع والنشر ، _c1967 |
||
| 490 |
_aالالف كتاب _v0 |
||
| 650 | 0 | 4 | _aالتراجم |
| 650 | 0 | 4 | _aالفنانون |
| 650 | 0 | 4 | _aالرسم |
| 650 | 0 | 4 | _aالفنون التشكيلية |
| 650 | 0 | 4 | _aفان جوخ |
| 942 |
_2ddc _cBK |
||
| 999 |
_c31921 _d31921 |
||